[Event "EU-ch 25th"]
[Site "Eforie Nord"]
[Date "2025.03.22"]
[Round "7"]
[White "Sanal, Vahap"]
[Black "Sargsyan, Sargis Vach"]
[Result "1-0"]
[WhiteElo "2557"]
[BlackElo "2424"]
[PlyCount "63"]
[EventDate "2025.03.15"]
[EventType "swiss"]
[EventRounds "11"]
[EventCountry "ROU"]
[SourceTitle "CB13_2025"]
[SourceDate "2025.03.26"]
[SourceVersion "1"]
[SourceVersionDate "2025.03.26"]
[SourceQuality "1"]

1. d4 d5 2. c4 dxc4 3. Nf3 Nf6 4. e3 e6 5. Bxc4 c5 6. 0-0 Nc6 7. Re1 Be7 8. a3 0-0 9. Bd3 a6 10. dxc5 Bxc5 11. b4 Bd6 12. Bb2 b5 13. Bxf6 gxf6 14. Qc2 Bb7 15. Bxh7+ Kh8 16. Be4 Rc8 17. Qe2 f5 18. Bxc6 Bxc6 19. Nbd2 Rg8 20. Nf1 Qf6 21. Rad1 Bd5 22. Ng3 Rc4 23. Nd4 Bxg3 24. hxg3 Rg6 25. Qb2 Kg8 26. Rd2 Rh6 27. f3 Qg5 28. Kf2 Rh2 29. Nxf5 Qxf5 30. e4 Qh3 31. Rg1 Rh1 32. gxh3 1-0

[Event "EU-ch 25th"]
[Site "Eforie Nord"]
[Date "2025.03.15"]
[Round "1"]
[White "Zaim, Marian"]
[Black "Sargsyan, Sargis Vach"]
[Result "0-1"]
[WhiteElo "1968"]
[BlackElo "2424"]
[PlyCount "88"]
[EventDate "2025.03.15"]
[EventType "swiss"]
[EventRounds "11"]
[EventCountry "ROU"]
[SourceTitle "CB13_2025"]
[SourceDate "2025.03.26"]
[SourceVersion "1"]
[SourceVersionDate "2025.03.26"]
[SourceQuality "1"]

1. c4 e5 2. Nf3 e4 3. Nd4 Nc6 4. Nc2 d5 5. cxd5 Qxd5 6. Nc3 Qe5 7. g3 Nf6 8. Bg2 Bc5 9. Ne3 0-0 10. b3 Bxe3 11. fxe3 Ng4 12. Bb2 Nxh2 13. Nxe4 Qxb2 14. Rxh2 Qe5 15. d4 Qe7 16. Qd2 Bf5 17. Nc5 Rae8 18. Kf2 Ne5 19. dxe5 Qxe5 20. Bxb7 Qxc5 21. Rc1 Qe7 22. Rc3 Rd8 23. Qc1 c5 24. Bf3 g5 25. Rh1 Qf6 26. Ke1 Qd6 27. Rg1 Bg6 28. Rc4 h5 29. Bh1 Rde8 30. Rc3 Qa6 31. Qd2 Qe6 32. Kf2 Qh3 33. e4 Qh2+ 34. Kf1 Kh7 35. Rc4 Re6 36. Bf3 g4 37. Rh1 Qxg3 38. Bg2 Rf6+ 39. Kg1 Qf2+ 40. Kh2 h4 41. Qc3 h3 42. Rg1 Qf4+ 43. Qg3 Qxg3+ 44. Kxg3 hxg2 0-1

[Event "ARM-ch HL 85th"]
[Site "Yerevan"]
[Date "2025.01.20"]
[Round "7"]
[White "Sargsyan, Sargis Vach"]
[Black "Agasarov, Benik"]
[Result "1-0"]
[WhiteElo "2370"]
[BlackElo "2387"]
[PlyCount "73"]
[EventDate "2025.01.14"]
[EventType "tourn"]
[EventRounds "9"]
[EventCountry "ARM"]
[EventCategory "11"]
[SourceTitle "CB05_2025"]
[SourceDate "2025.01.29"]
[SourceVersion "1"]
[SourceVersionDate "2025.01.29"]
[SourceQuality "1"]

1. d4 Nf6 2. c4 e6 3. Nc3 Bb4 4. e3 0-0 5. Bd3 d5 6. cxd5 exd5 7. a3 Bd6 8. Qc2 c6 9. Nge2 Re8 10. Bd2 b6 11. f3 c5 12. g4 c4 13. Bf5 Bxf5 14. Qxf5 g6 15. Qc2 Nc6 16. h4 Bf8 17. Kf2 Rb8 18. Nf4 b5 19. g5 b4 20. Nce2 bxa3 21. bxa3 Nh5 22. Nxh5 gxh5 23. Nf4 Bg7 24. Rab1 Qd6 25. Rxb8 Rxb8 26. Rb1 Rb6 27. Rxb6 axb6 28. Qa4 Bf8 29. Qb5 Ne7 30. Bb4 Qc7 31. Qe8 c3 32. Bxe7 Qxe7 33. Qxe7 Bxe7 34. Ke2 Bxa3 35. Kd3 Bd6 36. Nxh5 b5 37. Kxc3 1-0

[Event "ARM-ch HL 85th"]
[Site "Yerevan"]
[Date "2025.01.16"]
[Round "3"]
[White "Sargsyan, Sargis Vach"]
[Black "Hovhannisyan, Robert"]
[Result "1/2-1/2"]
[WhiteElo "2370"]
[BlackElo "2626"]
[PlyCount "190"]
[EventDate "2025.01.14"]
[EventType "tourn"]
[EventRounds "9"]
[EventCountry "ARM"]
[EventCategory "11"]
[SourceTitle "CB05_2025"]
[SourceDate "2025.01.29"]
[SourceVersion "1"]
[SourceVersionDate "2025.01.29"]
[SourceQuality "1"]

1. e4 e5 2. Nf3 Nc6 3. Bb5 a6 4. Ba4 Nf6 5. 0-0 Be7 6. d3 b5 7. Bb3 d6 8. a3 0-0 9. Nc3 Rb8 10. h3 Na5 11. Ba2 c5 12. Bg5 c4 13. b4 cxb3 14. cxb3 b4 15. axb4 Nc6 16. Rc1 Nxb4 17. Bb1 Nfd5 18. Nxd5 Nxd5 19. Bd2 Nb4 20. d4 Bf6 21. Rc4 a5 22. Bxb4 axb4 23. Bd3 Qb6 24. d5 Bd7 25. Qd2 Rfc8 26. Ra1 g6 27. Ne1 Kg7 28. Rxc8 Bxc8 29. Bc4 Bd8 30. Ra4 Qc5 31. Nd3 Qd4 32. Qe3 Qxe3 33. fxe3 Bd7 34. Ra6 Bb6 35. Kf2 f5 36. Ke2 Bc8 37. Ra4 Bd7 38. Ra6 Bc8 39. Ra2 fxe4 40. Nxb4 Bb7 41. Ra4 Ra8 42. Rxa8 Bxa8 43. Na2 Kf6 44. Nc3 Ba5 45. Na2 Bd8 46. b4 Ke7 47. Nc3 Kd7 48. Nxe4 Bb7 49. g4 Bh4 50. Bb5+ Kc7 51. Nc3 Be7 52. Be8 Bc8 53. Bf7 Bd7 54. Kf3 Bh4 55. Bg8 Be1 56. Ne4 h6 57. Bf7 g5 58. Nf6 Bxb4 59. Be8 Bc8 60. Bb5 Kd8 61. Ng8 Ba3 62. Ke4 Bc5 63. Kd3 Bb6 64. e4 Bf2 65. Ke2 Bc5 66. Kf3 Bb4 67. Kf2 Bc5+ 68. Kg3 Bb4 69. Kf3 Be1 70. Ke2 Bb4 71. Kd3 Be1 72. Kc4 Bd2 73. Kb3 Be1 74. Bd3 Ke8 75. Nxh6 Kf8 76. Nf5 Bxf5 77. exf5 e4 78. Bxe4 Ke7 79. Kc4 Bg3 80. Kb5 Be5 81. Kc6 Bf6 82. Bf3 Be5 83. h4 Bf6 84. h5 Be5 85. h6 Bf6 86. h7 Be5 87. Bd1 Bf6 88. Bc2 Be5 89. Kb5 Bf6 90. Kc4 Kf8 91. Kb5 Ke7 92. Kc6 Be5 93. f6+ Bxf6 94. Kb5 Bg7 95. Kc4 Bh8 1/2-1/2

[Event "ARM-ch HL 85th"]
[Site "Yerevan"]
[Date "2025.01.15"]
[Round "2"]
[White "Davtyan, Artur"]
[Black "Sargsyan, Sargis Vach"]
[Result "1-0"]
[WhiteElo "2458"]
[BlackElo "2370"]
[PlyCount "63"]
[EventDate "2025.01.14"]
[EventType "tourn"]
[EventRounds "9"]
[EventCountry "ARM"]
[EventCategory "11"]
[SourceTitle "CB05_2025"]
[SourceDate "2025.01.29"]
[SourceVersion "1"]
[SourceVersionDate "2025.01.29"]
[SourceQuality "1"]

1. d4 Nf6 2. c4 e6 3. Nf3 d5 4. Nc3 c6 5. e3 Nbd7 6. Qc2 Bd6 7. Bd3 0-0 8. 0-0 dxc4 9. Bxc4 b5 10. Be2 Bb7 11. e4 e5 12. dxe5 Nxe5 13. Nd4 Neg4 14. g3 Bc5 15. Nf5 Re8 16. Bf4 Qb6 17. Bxg4 Nxg4 18. Qe2 Ne5 19. Bxe5 Rxe5 20. Qg4 g6 21. Qf4 f6 22. Nh6+ Kg7 23. Ng4 Re6 24. Rad1 Rf8 25. Rd7+ Be7 26. Qh6+ Kg8 27. e5 fxe5 28. Ne4 Rf7 29. Qh3 Kf8 30. Nh6 Rff6 31. Nxf6 Rxf6 32. Rxe7 1-0

[Event "Yerevan op-A 6th"]
[Site "Yerevan"]
[Date "2024.12.06"]
[Round "2"]
[White "Arakelyan, Manvel"]
[Black "Sargsyan, Sargis Vach"]
[Result "1/2-1/2"]
[WhiteElo "2210"]
[BlackElo "2321"]
[PlyCount "117"]
[EventDate "2024.12.05"]
[EventType "swiss"]
[EventRounds "9"]
[EventCountry "ARM"]
[SourceTitle "CB51_2024"]
[SourceDate "2024.12.18"]
[SourceVersion "1"]
[SourceVersionDate "2024.12.18"]
[SourceQuality "1"]

1. e4 c5 2. Nf3 Nc6 3. Bb5 e5 4. 0-0 Bd6 5. d4 Nxd4 6. Nxd4 cxd4 7. c3 Bc5 8. Kh1 Ne7 9. f4 0-0 10. fxe5 dxc3 11. Nxc3 Ng6 12. Qd5 Qe7 13. Na4 d6 14. Nxc5 dxc5 15. Be3 Be6 16. Qxc5 Qxc5 17. Bxc5 Rfc8 18. Bd4 a6 19. Be2 Bc4 20. Bxc4 Rxc4 21. Rad1 Nf8 22. g3 b5 23. b3 Rc2 24. Rf2 Rac8 25. Rdd2 Rxd2 26. Rxd2 Rd8 27. Kg2 Ng6 28. e6 fxe6 29. Kf3 Ne5+ 30. Ke2 Nc6 31. Bc3 Rxd2+ 32. Kxd2 Kf7 33. Ke3 e5 34. Kd3 Ke6 35. a4 Kd6 36. axb5 axb5 37. h3 Kc5 38. Bd2 g6 39. Be1 Nd8 40. Bc3 Nf7 41. Ke3 Ng5 42. Bxe5 Nxh3 43. Bf6 h5 44. Be7+ Kc6 45. Kd4 Kd7 46. Bb4 Ng5 47. Ke5 Nf3+ 48. Kf6 g5 49. Kf5 h4 50. gxh4 gxh4 51. Kg4 Nd4 52. Kxh4 Ke6 53. Kg3 Ke5 54. Kf2 Kxe4 55. Bf8 Kd3 56. b4 Nc2 57. Be7 Kc4 58. Ke2 Nxb4 59. Kd2 1/2-1/2

[Event "ARM-ch 1st League 85th"]
[Site "Yerevan"]
[Date "2024.12.03"]
[Round "10"]
[White "Sargsyan, Sargis Vach"]
[Black "Agasarov, Benik"]
[Result "1/2-1/2"]
[WhiteElo "2321"]
[BlackElo "2410"]
[PlyCount "42"]
[EventDate "2024.11.24"]
[EventType "tourn"]
[EventRounds "11"]
[EventCountry "ARM"]
[EventCategory "5"]
[SourceTitle "CB51_2024"]
[SourceDate "2024.12.18"]
[SourceVersion "1"]
[SourceVersionDate "2024.12.18"]
[SourceQuality "1"]

1. d4 Nf6 2. c4 e6 3. Nf3 d5 4. g3 Bb4+ 5. Bd2 Be7 6. Bg2 0-0 7. 0-0 Nbd7 8. Qc2 c6 9. Bf4 b6 10. Rd1 Ba6 11. Ne5 Rc8 12. cxd5 Nxd5 13. Nc3 Nxe5 14. Bxe5 f6 15. Bf4 Nxf4 16. gxf4 f5 17. Qa4 Bb7 18. Qxa7 Qc7 19. Nb5 Qd7 20. Nc3 Qc7 21. Nb5 Qd7 1/2-1/2

[Event "ARM-ch 1st League 85th"]
[Site "Yerevan"]
[Date "2024.12.02"]
[Round "9"]
[White "Sukiasyan, Vahe A"]
[Black "Sargsyan, Sargis Vach"]
[Result "1/2-1/2"]
[WhiteElo "2368"]
[BlackElo "2321"]
[PlyCount "84"]
[EventDate "2024.11.24"]
[EventType "tourn"]
[EventRounds "11"]
[EventCountry "ARM"]
[EventCategory "5"]
[SourceTitle "CB51_2024"]
[SourceDate "2024.12.18"]
[SourceVersion "1"]
[SourceVersionDate "2024.12.18"]
[SourceQuality "1"]

1. e4 e5 2. Nf3 Nc6 3. Bb5 Nf6 4. d3 Bc5 5. Nbd2 Nd4 6. Nxd4 Bxd4 7. c3 Bb6 8. 0-0 0-0 9. Ba4 d5 10. h3 c6 11. Qf3 Be6 12. Re1 Nd7 13. g4 h5 14. Qg3 hxg4 15. hxg4 Nf6 16. Bd1 Nxg4 17. Bxg4 Qg5 18. exd5 Qxg4 19. Qxg4 Bxg4 20. dxc6 bxc6 21. Rxe5 f6 22. Re4 Bf5 23. Re1 Bxd3 24. Nf3 Rad8 25. Be3 c5 26. b4 Rd5 27. a4 cxb4 28. Bxb6 axb6 29. cxb4 Rc8 30. Rac1 Rxc1 31. Rxc1 Be4 32. Rc3 Rd1+ 33. Kh2 Bd5 34. Nh4 Rf1 35. f3 Kh7 36. Rd3 Be6 37. Rd6 Bb3 38. Rxb6 Bxa4 39. Kg2 Rd1 40. Nf5 Kg6 41. Ne3 Rd3 42. Kf2 Rd2+ 1/2-1/2

[Event "ARM-ch 1st League 85th"]
[Site "Yerevan"]
[Date "2024.11.29"]
[Round "6"]
[White "Sargsyan, Sargis Vach"]
[Black "Gharibyan, Mamikon"]
[Result "1-0"]
[WhiteElo "2321"]
[BlackElo "2462"]
[PlyCount "67"]
[EventDate "2024.11.24"]
[EventType "tourn"]
[EventRounds "11"]
[EventCountry "ARM"]
[EventCategory "5"]
[SourceTitle "CB51_2024"]
[SourceDate "2024.12.18"]
[SourceVersion "1"]
[SourceVersionDate "2024.12.18"]
[SourceQuality "1"]

1. d4 Nf6 2. c4 e6 3. Nc3 Bb4 4. e3 b6 5. Nge2 Ne4 6. Bd2 Nxd2 7. Qxd2 Bb7 8. a3 Be7 9. d5 0-0 10. g3 a5 11. Bg2 Na6 12. 0-0 Qc8 13. Rab1 Rd8 14. f4 Nc5 15. b4 axb4 16. axb4 Na4 17. Ne4 b5 18. f5 exf5 19. Rxf5 bxc4 20. Nf4 Rf8 21. Nh5 f6 22. Qd4 c3 23. Rg5 Rf7 24. Nexf6+ Kh8 25. Nxh7 Bxg5 26. Nxg5 Qe8 27. Nxf7+ Qxf7 28. Nf4 Nb6 29. Rf1 Qf6 30. Qe4 Kg8 31. Ng6 Qg5 32. Ne7+ Kh8 33. Rf4 g6 34. Qd4+ 1-0

[Event "ARM-ch 1st League 85th"]
[Site "Yerevan"]
[Date "2024.11.28"]
[Round "5"]
[White "Shahinyan, Vladimir"]
[Black "Sargsyan, Sargis Vach"]
[Result "0-1"]
[WhiteElo "2161"]
[BlackElo "2321"]
[PlyCount "62"]
[EventDate "2024.11.24"]
[EventType "tourn"]
[EventRounds "11"]
[EventCountry "ARM"]
[EventCategory "5"]
[SourceTitle "CB51_2024"]
[SourceDate "2024.12.18"]
[SourceVersion "1"]
[SourceVersionDate "2024.12.18"]
[SourceQuality "1"]

1. e4 e5 2. Nf3 Nc6 3. Bb5 a6 4. Ba4 Nf6 5. 0-0 Nxe4 6. d4 b5 7. Bb3 d5 8. dxe5 Be6 9. Be3 Be7 10. Nbd2 Nc5 11. c3 Nd3 12. Bc2 Nxb2 13. Qb1 Na4 14. Bxa4 bxa4 15. Qc2 Qd7 16. Rfd1 0-0 17. Bf4 Na5 18. c4 d4 19. c5 Rfd8 20. Ne4 Nc6 21. Bg5 Bxg5 22. Nfxg5 Bf5 23. g4 Bg6 24. h3 h6 25. e6 Qd5 26. exf7+ Kh8 27. f4 hxg5 28. f5 Bxf7 29. Nxg5 Kg8 30. Qf2 Ne5 31. f6 Nxg4 0-1